[Event "Titled Tue 3rd Jan Late"]
[Site "chess.com INT"]
[Date "2025.06.03"]
[Round "8"]
[White "Ezat, Mohamed"]
[Black "Mekhitarian, Krikor Sevag"]
[Result "0-1"]
[WhiteTitle "IM"]
[BlackTitle "GM"]
[WhiteElo "2296"]
[BlackElo "2564"]
[WhiteFideId "10600906"]
[BlackFideId "2107660"]
[EventDate "2025.06.03"]

1. d4 Nf6 2. c4 g6 3. Nc3 d5 4. Nf3 Bg7 5. Bf4 O-O 6. Rc1 Bg4 7. Ne5 Be6 8. e3
c5 9. dxc5 Nc6 10. Be2 dxc4 11. O-O Nxe5 12. Bxe5 Qa5 13. Bd4 Rfd8 14. Qc2 Nd7
15. Bxg7 Kxg7 16. Ne4 Nxc5 17. Ng5 b5 18. b3 Rd2 19. Nxe6+ fxe6 20. Qb1 Rxe2 21.
b4 Qxa2 22. bxc5 Qxb1 23. Rxb1 a6 24. Ra1 Rc8 25. Rxa6 Rxc5 26. Rxe6 c3 27. g3
b4 28. Rxe7+ Kf6 29. Rb7 c2 30. Rxb4 c1=Q 31. Rxc1 Rxc1+ 32. Kg2 g5 33. h4 gxh4
34. Rxh4 Rc7 35. Kf3 Rec2 36. Rb4 R2c6 37. Kg2 Kg7 38. Rg4+ Rg6 39. Re4 Rf6 40.
Rg4+ Kf7 41. Rh4 h6 42. Rh2 Rc2 43. Kg1 Kg6 44. Rg2 h5 45. Rh2 Rd2 46. Rg2 Ra2
47. Rh2 Rb6 48. Rh4 Rf6 49. Rh2 Rf5 50. Rg2 Ra4 51. Rh2 Rg4 52. Kh1 Rc4 53. Kg1
Kg5 54. Rg2 Rf8 55. Rh2 Rh8 56. Kg2 h4 57. Rh3 Rh6 58. Kf3 hxg3 59. Rxg3+ Kf6
60. Ke2 Rh5 61. Rg8 Rf5 62. f4 Ra5 63. Kf3 Ra3 64. Re8 Kf7 65. Re5 Rc7 66. Rf5+
Kg6 67. Rg5+ Kf6 68. Rg3 Re7 69. Kf2 Kf5 70. Rh3 Ke4 71. Rh5 Ra2+ 72. Kg3 Rg7+
73. Kh4 Kxe3 74. f5 Kf4 75. Rh6 Rh2# 0-1

[Event "Titled Tue 3rd Jan Late"]
[Site "chess.com INT"]
[Date "2025.06.03"]
[Round "8"]
[White "Reprintsev, Alexander"]
[Black "Buchenau, Frank"]
[Result "0-1"]
[WhiteTitle "IM"]
[BlackTitle "FM"]
[WhiteElo "2256"]
[BlackElo "2190"]
[WhiteFideId "14100541"]
[BlackFideId "4604350"]
[EventDate "2025.06.03"]

1. e4 e6 2. Nf3 d5 3. e5 c5 4. b4 cxb4 5. a3 Nc6 6. axb4 Bxb4 7. c3 Ba5 8. d4
Nge7 9. Bd3 b5 10. Bxb5 Bd7 11. Qe2 O-O 12. O-O Rb8 13. Bd3 h6 14. Bc2 Re8 15.
Qd3 Ng6 16. h4 Bb6 17. h5 Nf8 18. Ba3 Ne7 19. Bd6 Rc8 20. g4 a5 21. Kg2 Bc6 22.
Nh4 Qd7 23. f4 Bb5 24. Qf3 Bxf1+ 25. Qxf1 f6 26. Ba4 Nc6 27. Nd2 fxe5 28. fxe5
Qf7 29. Qb5 Qf4 30. Nhf3 Qxg4+ 31. Kf2 Bxd4+ 32. cxd4 Nxd4 33. Qd3 Nxf3 34. Qxf3
Qd4+ 35. Qe3 Qxa1 36. Bxe8 Rxe8 37. Qc5 Qb2 38. Ke2 Qb4 39. Qxb4 axb4 40. Bxb4
Nd7 41. Bd6 Ra8 42. Nf3 Ra2+ 43. Ke1 Ra1+ 44. Ke2 Ra2+ 45. Ke1 Kf7 46. Nd4 Ra4
47. Nc6 Rh4 48. Nd8+ Kg8 49. Nxe6 Nxe5 50. Kf2 Rxh5 51. Kg3 Nf7 52. Bc5 Rh1 53.
Nc7 Rc1 54. Bb6 Rb1 55. Nxd5 Rb5 56. Ne7+ Kf8 57. Nc8 Nd6 58. Nxd6 Rxb6 59. Ne4
Rb3+ 60. Kf2 Kf7 61. Nc5 Rb5 62. Ne4 Kf8 63. Nd6 Rb3 64. Nc4 g5 65. Ne5 Kg7 66.
Kg2 h5 67. Nd7 Rb2+ 68. Kf3 h4 69. Kg4 Rb5 70. Kh5 h3 71. Kg4 h2 0-1

[Event "Titled Tue 3rd Jan Late"]
[Site "chess.com INT"]
[Date "2025.06.03"]
[Round "8"]
[White "Rustemov, Alexander"]
[Black "Tahmasebi, Hamidreza"]
[Result "0-1"]
[WhiteTitle "GM"]
[BlackTitle "FM"]
[WhiteElo "2525"]
[BlackElo "2298"]
[WhiteFideId "4119002"]
[BlackFideId "12537527"]
[EventDate "2025.06.03"]

1. Nf3 Nf6 2. c4 e6 3. Nc3 d5 4. cxd5 exd5 5. d4 Be7 6. Bf4 O-O 7. e3 c6 8. Qc2
Bd6 9. Bxd6 Qxd6 10. h3 Re8 11. Bd3 Nbd7 12. O-O Nf8 13. Rab1 a5 14. a3 b5 15.
Rfc1 Bb7 16. Ne2 N8d7 17. Nf4 h6 18. a4 b4 19. Bf1 Ne4 20. Nd3 Rac8 21. Nd2 Nxd2
22. Qxd2 c5 23. dxc5 Nxc5 24. Nxc5 Rxc5 25. Rxc5 Qxc5 26. Rc1 Qb6 27. Bb5 Re4
28. Bd3 Re6 29. Be2 Bc6 30. b3 Rd6 31. Qd4 Qd8 32. Bf3 Bd7 33. Rc5 Be6 34. h4
Rd7 35. g3 Rc7 36. Rxc7 Qxc7 37. Bxd5 Bxd5 38. Qxd5 Qc1+ 39. Kg2 Qc3 40. h5 Qc2
41. Kf3 Qc3 42. g4 Qf6+ 43. Kg3 Qc3 44. Kf4 Qc7+ 45. Kf3 Qc2 46. Kg2 Qc3 47. Kg3
Qc7+ 48. f4 Qc3 49. Kf3 Qc2 50. g5 hxg5 51. fxg5 Qb1 52. Kf2 Qc2+ 53. Ke1 Qb1+
54. Kd2 Qb2+ 55. Kd3 Qc3+ 56. Ke4 Qc2+ 57. Kf3 Qb1 58. Kg3 Qg1+ 59. Qg2 Qxe3+
60. Kh4 Qxb3 61. Qa8+ Kh7 62. Qe4+ Kg8 63. Qe8+ Kh7 64. g6+ fxg6 65. Qxg6+ Kg8
66. Qe8+ Kh7 67. Qg6+ Kh8 68. Qe8+ Qg8 69. Qb5 Qd8+ 70. Kg4 Qc8+ 71. Kg5 Qd8+
72. Kg6 Qf6# 0-1

[Event "Titled Tue 3rd Jan Late"]
[Site "chess.com INT"]
[Date "2025.06.03"]
[Round "8"]
[White "Murzin, Volodar"]
[Black "Yilmaz, Baver"]
[Result "1-0"]
[WhiteTitle "GM"]
[BlackTitle "FM"]
[WhiteElo "2658"]
[BlackElo "2233"]
[WhiteFideId "44155573"]
[BlackFideId "26363542"]
[EventDate "2025.06.03"]

1. Nf3 Nf6 2. b3 c5 3. Bb2 d5 4. e3 e6 5. Bb5+ Bd7 6. a4 Be7 7. O-O O-O 8. Ne5
a6 9. Nxd7 Nbxd7 10. Be2 Qc7 11. f4 Rac8 12. Na3 h6 13. Bf3 Rfe8 14. c4 Bf8 15.
Nc2 g6 16. g3 Bg7 17. Rb1 b6 18. Qe2 dxc4 19. bxc4 e5 20. fxe5 Nxe5 21. Bxe5
Rxe5 22. Ne1 Re7 23. Nd3 Rd8 24. Nf4 Qd7 25. Nd5 Nxd5 26. Bxd5 Qxa4 27. Rxb6 Qc2
28. Qf2 Kh8 29. Rxa6 Qd3 30. Ra2 f5 31. Qf3 Rf8 32. Qd1 g5 33. Qc2 Qxc2 34. Rxc2
f4 35. gxf4 gxf4 36. Rxf4 Rxf4 37. exf4 Bd4+ 38. Kg2 Re2+ 39. Kg3 h5 40. Ra2 h4+
41. Kxh4 Rxh2+ 42. Kg3 Re2 43. Bf3 Re1 44. d3 Kg7 45. Be4 Rg1+ 46. Kf3 Rf1+ 47.
Kg4 Be3 48. Ra7+ Kf6 49. Ra6+ Ke7 50. Bf3 Rf2 51. f5 Bd4 52. Re6+ Kf7 53. Bd5
Kg7 54. Kg5 Rf1 55. Re7+ Kf8 56. Rf7+ Ke8 57. Ra7 Rg1+ 58. Kh5 Kf8 59. f6 Ke8
60. Ra8+ Kd7 61. f7 Bg7 62. f8=Q Bxf8 63. Rxf8 Kd6 64. Be4 Ke5 65. Rf5+ Kd4 66.
Rd5+ Ke3 67. Rxc5 Kf4 68. Rf5+ Ke3 69. c5 Kd4 70. c6 Rg8 71. Rf7 Rc8 72. Kg6 Rh8
73. c7 Rc8 74. Bf5 Rg8+ 75. Rg7 Rf8 76. c8=Q Rxc8 77. Bxc8 Kxd3 78. Bf5+ 1-0

[Event "Titled Tue 3rd Jan Late"]
[Site "chess.com INT"]
[Date "2025.06.03"]
[Round "8"]
[White "Tekeyev, Zaur"]
[Black "Minko, Dmitry"]
[Result "1-0"]
[WhiteTitle "IM"]
[BlackTitle "FM"]
[WhiteElo "2417"]
[BlackElo "2247"]
[WhiteFideId "4199731"]
[BlackFideId "24188468"]
[EventDate "2025.06.03"]

1. e4 e5 2. Nf3 Nc6 3. d4 exd4 4. Nxd4 Bc5 5. Nb3 Bb4+ 6. c3 Be7 7. c4 a5 8. Nc3
Nf6 9. Bd3 a4 10. Nd2 Bc5 11. Nxa4 Ba7 12. O-O d6 13. Nc3 Bg4 14. Be2 h5 15. Nf3
Qd7 16. Bg5 Nh7 17. Bd2 O-O 18. Nd5 Rae8 19. h3 Bxh3 20. gxh3 Qxh3 21. Nf4 Qg3+
22. Kh1 Bxf2 23. Rg1 Bxg1 24. Qxg1 Qxg1+ 25. Rxg1 Nf6 26. Bc3 Kh8 27. Bxf6 gxf6
28. Bd3 Ne5 29. Nxe5 Rxe5 30. Nd5 Rg8 31. Rxg8+ Kxg8 32. Nxc7 f5 33. exf5 Re3
34. Bf1 Rf3 35. Kg2 Rxf5 36. Nd5 Kg7 37. b4 Rg5+ 38. Kf3 Rf5+ 39. Ke2 h4 40. a4
Re5+ 41. Kf3 Rf5+ 42. Ke2 Re5+ 43. Kf2 Rf5+ 44. Kg1 Rg5+ 45. Kh2 Rg4 46. a5 Rd4
47. b5 Rd1 48. Be2 Rd2 49. Nf4 Rd4 50. Ng2 Rd2 51. Bf3 Rc2 52. Bd5 Ra2 53. Bxb7
Rxa5 54. Bd5 Ra2 55. Kh3 Rb2 56. Nxh4 Rb3+ 57. Nf3 Kf6 58. Kg4 Kg6 59. Nd4 Rd3
60. Nf3 Rb3 61. Kf4 f5 62. Nd4 Rb1 63. Nxf5 Rf1+ 64. Bf3 Rc1 65. Ne3 Kf6 66. Bd5
Ke7 67. Ke4 Rc3 68. Kd4 Ra3 69. Bc6 Kd8 70. Nd5 Ra1 71. b6 Rd1+ 72. Kc3 Rb1 73.
b7 Rc1+ 74. Kd2 Rxc4 75. b8=Q# 1-0

[Event "Titled Tue 3rd Jan Late"]
[Site "chess.com INT"]
[Date "2025.06.03"]
[Round "8"]
[White "Deichmann, Esteban Horacio"]
[Black "Sadubayev, Airat"]
[Result "1/2-1/2"]
[BlackTitle "FM"]
[WhiteElo "2085"]
[BlackElo "2211"]
[WhiteFideId "167410"]
[BlackFideId "13713264"]
[EventDate "2025.06.03"]

1. e4 c6 2. d4 d5 3. Nc3 dxe4 4. f3 exf3 5. Nxf3 Nf6 6. Bc4 Bf5 7. Ne5 e6 8. O-O
Bg6 9. Bg5 Be7 10. Kh1 Nbd7 11. Qe2 O-O 12. Rad1 Nd5 13. Bxd5 Bxg5 14. Nxg6 hxg6
15. Bb3 Nf6 16. Ne4 Nxe4 17. Qxe4 Bf6 18. c4 Qa5 19. d5 exd5 20. cxd5 Rae8 21.
Qg4 cxd5 22. Bxd5 Re5 23. Bb3 Rg5 24. Qh3 Rf5 25. Rfe1 Bxb2 26. g4 Rf2 27. Qe3
Qb6 28. Qxb6 axb6 29. Re7 g5 30. Kg1 Rf4 31. h3 g6 32. Rdd7 Bd4+ 33. Kg2 Bc5 34.
Re2 Kg7 35. Rxb7 Rd8 36. Bc2 Rdd4 37. a4 Rc4 38. Rc7 Rc3 39. Be4 Rc1 40. Bd5
Rg1+ 41. Kh2 Rd1 42. Rd7 Rf6 43. Bc6 Rc1 44. Bb5 Bd6+ 45. Kg2 Bc5 46. Red2 Rcf1
47. Bc6 R1f4 48. Kg3 Bf2+ 49. Kg2 Bc5 50. Bb5 Bb4 51. Re2 Bc5 52. Red2 Re4 53.
Rc2 Re3 54. Rcd2 Rff3 55. Bc6 Rg3+ 56. Kf1 Re6 57. Bg2 Rf6+ 58. Ke1 Re3+ 59. Kd1
Bb4 60. Re2 Rc3 61. Rc2 Re3 62. Re2 Ra3 63. Kc2 Bc5 64. Kb2 Rxa4 65. Bd5 Raf4
66. Bb3 Rf2 67. Rxf2 Rxf2+ 68. Kc3 Rf3+ 69. Kc4 Rf4+ 70. Kc3 Kf8 71. Bd5 Ke8 72.
Bc6 Kf8 73. Bd5 Bd4+ 74. Kd3 Bc5 75. Kc3 1/2-1/2

[Event "Titled Tue 3rd Jan Late"]
[Site "chess.com INT"]
[Date "2025.06.03"]
[Round "8"]
[White "Sarana, Alexey"]
[Black "Mitrabha, Guha"]
[Result "0-1"]
[WhiteTitle "GM"]
[BlackTitle "GM"]
[WhiteElo "2686"]
[BlackElo "2515"]
[WhiteFideId "24133795"]
[BlackFideId "5057000"]
[EventDate "2025.06.03"]

1. e4 c6 2. d4 d5 3. e5 Bf5 4. Nf3 e6 5. c3 Ne7 6. Bd3 Nd7 7. O-O c5 8. dxc5
Nxc5 9. Bb5+ Nd7 10. Nd4 Bg6 11. Bg5 a6 12. Ba4 h6 13. Bh4 Qc7 14. f4 Nf5 15.
Bf2 Bc5 16. Nd2 b5 17. Bc2 Bxd4 18. cxd4 Ne3 19. Bxe3 Qxc2 20. Qxc2 Bxc2 21.
Rfc1 Rc8 22. a4 b4 23. Nb3 O-O 24. Nc5 Nxc5 25. dxc5 Bb3 26. a5 f6 27. Bd4 Bc4
28. exf6 gxf6 29. Re1 Kf7 30. Re3 Rg8 31. Rae1 Rc6 32. Rh3 Rg6 33. Kf2 Bb5 34.
Rhe3 Rg8 35. Rh3 Rg6 36. Ree3 Ba4 37. b3 Bb5 38. Rh5 Rc8 39. h3 f5 40. Rf3 Rcg8
41. g3 Ke7 42. Re3 Kd7 43. Kf3 Bf1 44. Kf2 Bb5 45. Rh4 Kc7 46. Kg2 Bd7 47. Kh2
Kc6 48. Rh5 Kb5 49. Rd3 Kxa5 50. Bf2 Kb5 51. Rd1 a5 52. Ra1 Bc6 53. Rd1 Ra8 54.
g4 Rag8 55. Kg3 fxg4 56. h4 Rf6 57. Bd4 Rfg6 58. Re5 Ra8 59. h5 Rf6 60. Re3 Rf5
61. Rxe6 Rxh5 62. Kxg4 Rh2 63. f5 a4 64. bxa4+ Rxa4 65. Kf4 Rh4+ 66. Ke5 b3 67.
f6 Re4+ 68. Kd6 Raxd4 69. Rb1 Rd3 70. Re7 Rf3 71. Rxe4 dxe4 72. Ke7 Kxc5 73. f7
Bd5 74. f8=Q Rxf8 75. Kxf8 e3 76. Ke7 e2 77. Kf6 Be4 78. Re1 Bd3 79. Ke5 b2 80.
Kf4 b1=Q 81. Rxb1 Bxb1 82. Ke3 e1=Q+ 0-1

[Event "Titled Tue 3rd Jan Late"]
[Site "chess.com INT"]
[Date "2025.06.03"]
[Round "8"]
[White "Dudin, Gleb"]
[Black "Martinez Alcantara, Jose Eduardo"]
[Result "1/2-1/2"]
[WhiteTitle "GM"]
[BlackTitle "GM"]
[WhiteElo "2564"]
[BlackElo "2611"]
[WhiteFideId "34184934"]
[BlackFideId "3805662"]
[EventDate "2025.06.03"]

1. Nf3 c5 2. g3 Nc6 3. Bg2 g6 4. O-O Bg7 5. d3 d6 6. e4 e6 7. c3 Nge7 8. d4 O-O
9. Re1 h6 10. h3 b6 11. Bf4 e5 12. Be3 exd4 13. cxd4 d5 14. e5 cxd4 15. Bxd4 Nf5
16. Nc3 Be6 17. Ne2 Qd7 18. Bc3 Rfe8 19. g4 Nfe7 20. Ned4 Nxd4 21. Nxd4 Nc6 22.
Qd2 Rad8 23. f4 Nxd4 24. Bxd4 h5 25. f5 gxf5 26. gxh5 Kh7 27. Kh1 Bh6 28. Qd3
Rg8 29. Rg1 Qe7 30. Raf1 Rg5 31. Bf3 Rxg1+ 32. Bxg1 Qh4 33. Bg4 Kh8 34. Bxf5 Rg8
35. Bxe6 fxe6 36. Bh2 Qxh5 37. Rf6 d4 38. Rxe6 Be3 39. Qf1 Rg7 40. Rf6 Kh7 41.
e6 Qd5+ 42. Qf3 Qxf3+ 43. Rxf3 Re7 44. Bf4 Rxe6 45. Bxe3 dxe3 46. Rf1 Rd6 47.
Re1 Rd3 48. Kg2 Rd2+ 49. Kf3 Rxb2 50. a3 Rb5 51. Rxe3 Ra5 52. Ke2 Kg6 53. Kd2
Kf5 54. Kc2 Kf4 55. Rd3 Ke4 56. Rg3 Kd4 57. Kb3 Rb5+ 58. Kc2 Rf5 59. Rg4+ Kc5
60. Rg3 Rf4 61. Kb3 a5 62. Rc3+ Kb5 63. Re3 Rh4 64. Kc3 Ka4 65. Kb2 Rf4 66. Re2
Kb5 67. Rd2 Ka6 68. Rg2 Rf3 69. Rh2 Rf5 70. h4 Rh5 71. Kc3 Kb5 72. Kb3 Kc5 73.
Kc3 Kb5 74. Kb3 Kc6 75. Kc3 Kd5 76. Kd3 b5 77. Kc3 Ke4 78. Kb3 Ke3 79. Kc3 Kf3
80. Kd4 Kg3 81. Rh1 Kg2 82. Rb1 Rxh4+ 83. Kc5 Rh5+ 84. Kb6 b4 85. axb4 axb4 86.
Rxb4 Kg3 87. Rb5 Kg4 88. Rxh5 Kxh5 1/2-1/2

[Event "Titled Tue 3rd Jan Late"]
[Site "chess.com INT"]
[Date "2025.06.03"]
[Round "8"]
[White "Ambartsumova, Karina"]
[Black "Hiwale, Ronak"]
[Result "1-0"]
[WhiteTitle "IM"]
[WhiteElo "2403"]
[BlackElo "2105"]
[WhiteFideId "4166299"]
[BlackFideId "30975336"]
[EventDate "2025.06.03"]

1. Nf3 g6 2. d4 Bg7 3. c4 Nf6 4. Nc3 d6 5. g3 O-O 6. Bg2 Nc6 7. O-O e5 8. dxe5
Nxe5 9. Nd2 Be6 10. b3 Nc6 11. Bb2 Nd7 12. Qc1 a6 13. Nd5 Nd4 14. Re1 c6 15. Nf4
Bf5 16. e4 Bg4 17. h3 Be6 18. Kh2 h5 19. Nf3 Nxf3+ 20. Bxf3 Ne5 21. Bg2 h4 22.
Qc2 hxg3+ 23. fxg3 Qg5 24. Rf1 Kh7 25. Rad1 Rad8 26. Bc1 Qe7 27. Qe2 Rh8 28. Kg1
Kg8 29. Nxe6 Qxe6 30. Bg5 Rd7 31. Qf2 Rh5 32. Bf6 Bh6 33. g4 Nxg4 34. hxg4 Qxg4
35. Qf3 Qe6 36. Bd4 c5 37. Bf2 Bg7 38. Rd5 Be5 39. Bg3 Bd4+ 40. Bf2 Be5 41. Rfd1
f6 42. Bg3 Rg5 43. Bxe5 fxe5 44. Rf1 Rg7 45. Rd3 Rh5 46. Qg3 Kh7 47. Rdf3 Qe7
48. Rf6 Rh6 49. Qg4 Qd7 50. Qxd7 Rxd7 51. Rf7+ Rxf7 52. Rxf7+ Kg8 53. Rxb7 g5
54. Rb6 Rf6 55. Rxa6 Kf7 56. Ra7+ Kg6 57. a4 g4 58. Ra8 Kg5 59. a5 Kf4 60. Kf2
g3+ 61. Ke2 Kg4 62. Rg8+ Kh4 63. Bf3 Rf7 64. a6 Ra7 65. Rg4+ Kh3 66. Rg6 Kh4 67.
Rh6+ Kg5 68. Rxd6 Kf4 69. Rf6+ Kg5 70. Rf5+ Kg6 71. Rxe5 Rxa6 72. Rxc5 Ra2+ 73.
Ke3 g2 74. Bxg2 Rxg2 75. Kd4 Rg3 76. b4 Kf6 77. Rc6+ Ke7 78. b5 Kd7 79. Kc5 Rg5+
80. Kb6 Re5 81. c5 Rxe4 82. Rd6+ Kc8 83. Rh6 Re8 84. Kc6 Rg8 85. b6 Rf8 86. Kb5
Rf5 87. Rh8+ Kb7 88. Rh7+ Kb8 89. Ka6 Rxc5 90. Rh8+ Rc8 91. Rxc8+ Kxc8 92. Ka7
Kd7 93. b7 Kd6 94. b8=Q+ 1-0

[Event "Titled Tue 3rd Jan Late"]
[Site "chess.com INT"]
[Date "2025.06.03"]
[Round "8"]
[White "Deng, Henry"]
[Black "Rajaram, Rohan"]
[Result "1-0"]
[WhiteTitle "FM"]
[BlackTitle "CM"]
[WhiteElo "2327"]
[BlackElo "2164"]
[WhiteFideId "30965454"]
[BlackFideId "30940729"]
[EventDate "2025.06.03"]

1. b3 e5 2. Bb2 d6 3. e3 Nf6 4. d4 exd4 5. Qxd4 Be7 6. Qd2 O-O 7. Bd3 Nc6 8. Nf3
h6 9. O-O Bg4 10. Nd4 Nxd4 11. Bxd4 c5 12. Bb2 d5 13. h3 Be6 14. Nc3 Qd7 15.
Rad1 Rad8 16. Qe2 a6 17. Qf3 Qc7 18. Ne2 c4 19. Bf5 Bxf5 20. Qxf5 g6 21. Qf4
Qxf4 22. Nxf4 cxb3 23. cxb3 Rc8 24. Bxf6 Bxf6 25. Nxd5 Rc6 26. Rd2 Kg7 27. Rfd1
Rd8 28. Nxf6 Rxd2 29. Nh5+ gxh5 30. Rxd2 Kg6 31. Kh2 b5 32. Kg3 Re6 33. Rd1 Rc6
34. Rd2 Re6 35. Kf4 Rf6+ 36. Ke4 Re6+ 37. Kd5 Kf5 38. Rd4 Kf6 39. Rf4+ Kg6 40.
e4 Re8 41. Rf3 Rc8 42. a4 bxa4 43. bxa4 a5 44. e5 Rc2 45. Rf6+ Kg7 46. g4 hxg4
47. hxg4 Rd2+ 48. Kc4 Re2 49. f4 Rb2 50. Kd5 Rb4 51. Kd6 Rb6+ 52. Ke7 Rb7+ 53.
Ke8 Rb8+ 54. Kd7 Rb7+ 55. Kc6 Rb4 56. Kd6 Rb6+ 57. Kd5 Rb4 58. Ra6 Rxa4 59. f5
Rxg4 60. Ra7 Rf4 61. f6+ Kg6 62. Rxa5 Rf1 63. Kd6 Kf5 64. Ke7 Kg6 65. Ra2 Re1
66. Rg2+ Kh7 67. e6 Rxe6+ 68. Kxf7 Ra6 69. Re2 Ra7+ 70. Re7 Ra8 71. Ke6+ Kg6 72.
Rg7+ Kh5 73. f7 Kh4 74. Rg8 Ra6+ 75. Ke5 Ra5+ 76. Ke4 Ra4+ 77. Kf3 Ra3+ 78. Kg2
Ra2+ 79. Kf3 Ra3+ 80. Ke2 Ra2+ 81. Kd3 Rf2 82. f8=Q Rxf8 83. Rxf8 h5 84. Ke3 Kg3
85. Rg8+ Kh3 86. Kf3 h4 87. Rg4 Kh2 88. Rxh4+ Kg1 89. Rh3 Kf1 90. Rh1# 1-0

[Event "Titled Tue 3rd Jan Late"]
[Site "chess.com INT"]
[Date "2025.06.03"]
[Round "8"]
[White "Rosen, Eric"]
[Black "Drozdowski, Kacper"]
[Result "0-1"]
[WhiteTitle "IM"]
[BlackTitle "IM"]
[WhiteElo "2377"]
[BlackElo "2450"]
[WhiteFideId "2032562"]
[BlackFideId "1136720"]
[EventDate "2025.06.03"]

1. d4 Nf6 2. Bf4 e6 3. e3 c5 4. Nf3 Nc6 5. Nc3 a6 6. d5 exd5 7. Nxd5 Nxd5 8.
Qxd5 d6 9. Ng5 Qf6 10. Bc4 Nb4 11. Qxf7+ Qxf7 12. Bxf7+ Ke7 13. Bb3 d5 14. a3 c4
15. Ba4 Nc6 16. c3 Bf5 17. O-O-O Bd3 18. Bc2 Bxc2 19. Kxc2 Rd8 20. Rd2 h6 21.
Nf3 Ke6 22. Nd4+ Kf7 23. Rhd1 Rd7 24. e4 dxe4 25. Nxc6 Rxd2+ 26. Rxd2 bxc6 27.
Rd8 g5 28. Be5 Rg8 29. Bd4 Be7 30. Rd7 Ke6 31. Ra7 Bd6 32. Rxa6 Kd5 33. h3 c5
34. Be3 h5 35. g4 hxg4 36. hxg4 Rh8 37. Bxg5 Rg8 38. Be3 Rxg4 39. Ra8 Rg1 40.
Rd8 Kc6 41. Rh8 Rg4 42. Rh6 Kd5 43. a4 Rg1 44. Rh5+ Kc6 45. Rh6 Kd5 46. Rh8 Ra1
47. Ra8 Kc6 48. a5 Kb7 49. Re8 Rxa5 50. Rxe4 Ra4 51. Kb1 Kc6 52. Rg4 Kd5 53. Kc2
Ra8 54. Rg5+ Kc6 55. Rg6 Kd5 56. Rh6 Rg8 57. Rh1 Kc6 58. Rd1 Rg2 59. Ra1 Kd5 60.
Ra8 Kc6 61. Re8 Kd5 62. Rh8 Kc6 63. Rh5 Rg4 64. Rh6 Kd5 65. Rh1 Kc6 66. Rb1 Kd5
67. Kd2 Rg2 68. Ke2 Kc6 69. Rd1 Rg8 70. Rd2 Rf8 71. Kd1 Rf7 72. Kc2 Rf8 73. Rd1
Rf7 74. Rh1 Kd5 75. Rh5+ Kc6 76. Rg5 Rf8 77. Rg6 Kd5 78. Rg7 Rf5 79. Ra7 Kc6 80.
Kd2 Rf8 81. Ra4 Kd5 82. Ra1 Rb8 83. Ra2 Rg8 84. Kc2 Rf8 85. Ra6 Rf7 86. Ra1 Rf8
87. Re1 Rf7 88. Re2 Kc6 89. Kd1 Kd5 90. Rd2+ Kc6 91. Ke2 Rf8 92. Rd1 Rf7 93. Rh1
Rb7 94. Bc1 Kd5 95. Rd1+ Kc6 96. f3 Re7+ 97. Be3 Bf4 98. Rd2 Rxe3+ 99. Kd1 Rxf3
100. Rg2 Rf1+ 101. Ke2 Rb1 102. Kf3 Bc1 103. Ke4 Bxb2 104. Rg6+ Kb5 105. Rg8 Rd1
106. Rb8+ Kc6 107. Rxb2 Rd3 108. Rc2 Kb5 109. Rb2+ Ka4 110. Rb8 Ka3 111. Rb5
Rxc3 112. Rxc5 Kb4 113. Rc8 Rd3 114. Rb8+ Kc3 115. Rc8 Rd1 116. Ke3 Kb3 117. Ke2
Rd6 118. Rb8+ Kc2 119. Re8 c3 120. Ke1 Kc1 121. Re3 c2 122. Rc3 Rd5 123. Rc8
Re5+ 124. Kf2 Kd2 125. Rd8+ Kc3 126. Rc8+ Kd3 127. Rc7 Re4 128. Kf3 Rc4 129.
Rd7+ Kc3 130. Rf7 c1=Q 131. Kg2 Qd2+ 132. Rf2 Qg5+ 133. Kf1 Rf4 134. Ke2 Rxf2+
135. Ke1 Rh2 136. Kf1 Qc1# 0-1

[Event "Titled Tue 3rd Jan Late"]
[Site "chess.com INT"]
[Date "2025.06.03"]
[Round "8"]
[White "Pranav, V"]
[Black "Sjugirov, Sanan"]
[Result "0-1"]
[WhiteTitle "GM"]
[BlackTitle "GM"]
[WhiteElo "2621"]
[BlackElo "2638"]
[WhiteFideId "25060783"]
[BlackFideId "4189302"]
[EventDate "2025.06.03"]

1. e4 c5 2. Nf3 Nc6 3. Bb5 g6 4. c3 Nf6 5. e5 Nd5 6. O-O Bg7 7. d4 cxd4 8. cxd4
d6 9. exd6 Qxd6 10. Nc3 O-O 11. h3 a6 12. Ba4 Bf5 13. Re1 Nxc3 14. bxc3 b5 15.
Bb3 Na5 16. Bg5 Ra7 17. Qd2 Nxb3 18. axb3 Be6 19. b4 Bd5 20. Nh2 Re8 21. Bh6 Bh8
22. Ng4 Qc6 23. f3 Be6 24. Ne5 Qc8 25. Nd3 Bc4 26. Nc5 Qc6 27. Qf4 Raa8 28. Re3
Qd6 29. Qh4 Bf6 30. Qf2 Bd5 31. Rae1 a5 32. bxa5 Rxa5 33. Ne4 Bxe4 34. fxe4 Bh8
35. Rf1 Qe6 36. Rf3 f6 37. d5 Qxe4 38. Qb6 Ra2 39. Qxb5 Qa4 40. Qd3 Qc2 41. Qxc2
Rxc2 42. Re3 Kf7 43. Rfe1 f5 44. d6 Bf6 45. Re6 Rxc3 46. R6e2 Rd3 47. Bf4 e5 48.
Bxe5 Rxe5 49. Rxe5 Bxe5 50. Rxe5 Rxd6 51. Ra5 Kf6 52. Kf2 h6 53. h4 Rd2+ 54. Kf3
Rd3+ 55. Kf2 Rd2+ 56. Kf3 Rd6 57. g3 Rc6 58. Ra8 Rc3+ 59. Kf2 Rc2+ 60. Kf3 g5
61. Ra6+ Kg7 62. hxg5 hxg5 63. Ra5 Rc3+ 64. Kf2 Kg6 65. Kg2 Rc2+ 66. Kf1 Rc4 67.
Kg2 Re4 68. Kf3 Re6 69. Kf2 Kf6 70. Kf3 Re5 71. Ra8 Re6 72. Rf8+ Kg6 73. Rg8+
Kh5 74. Rh8+ Kg6 75. Rg8+ Kh6 76. Rh8+ Kg7 77. Ra8 Rb6 78. Ra5 Kg6 79. Kf2 Rb2+
80. Kf1 Rc2 81. Rb5 Rc3 82. Kf2 Rc2+ 83. Kf1 Kf6 84. Ra5 Ke6 85. Kg1 Rd2 86. Kf1
Rd5 87. Ra8 Ke5 88. Rg8 g4 89. Ke2 Ke4 90. Ra8 Rc5 91. Ra4+ Ke5 92. Kf2 Rc2+ 93.
Kf1 Rd2 94. Ke1 Rd3 95. Ra5+ Ke4 96. Kf2 Rd2+ 97. Kf1 Rc2 98. Rb5 Ra2 99. Rc5
Rd2 100. Ra5 Rd3 101. Kf2 Rd4 102. Rb5 Ra4 103. Kf1 Ra2 104. Kg1 Ra3 105. Kf2
Ra1 106. Rc5 Ra2+ 107. Kf1 Kf3 108. Rxf5+ Kxg3 109. Rh5 Ra1+ 110. Ke2 Kg2 111.
Rh8 g3 112. Rg8 Ra5 113. Ke3 Ra3+ 114. Ke2 Rb3 115. Rg7 Kh2 116. Rh7+ Kg1 117.
Rg7 g2 118. Rh7 Ra3 119. Rh8 Ra4 120. Ke1 Re4+ 121. Kd2 Kf2 122. Rf8+ Kg3 123.
Rg8+ Rg4 0-1

[Event "Titled Tue 3rd Jan Late"]
[Site "chess.com INT"]
[Date "2025.06.03"]
[Round "9"]
[White "Levano Loayza, Adriano Jaffet"]
[Black "Zilberstein, Dmitry"]
[Result "0-1"]
[WhiteTitle "CM"]
[BlackTitle "IM"]
[WhiteElo "2049"]
[BlackElo "2358"]
[WhiteFideId "3865584"]
[BlackFideId "2010739"]
[EventDate "2025.06.03"]

1. d4 d6 2. c4 e5 3. dxe5 dxe5 4. Qxd8+ Kxd8 5. Nc3 Be6 6. Nf3 f6 7. e3 c6 8.
Be2 Kc7 9. O-O Nd7 10. b3 g5 11. Bb2 g4 12. Nd2 h5 13. Nd5+ cxd5 0-1

[Event "Titled Tue 3rd Jan Late"]
[Site "chess.com INT"]
[Date "2025.06.03"]
[Round "9"]
[White "Holinka, Henning"]
[Black "Flynn, Jacob"]
[Result "1-0"]
[WhiteTitle "FM"]
[BlackTitle "CM"]
[WhiteElo "2303"]
[BlackElo "2271"]
[WhiteFideId "12967084"]
[BlackFideId "2509393"]
[EventDate "2025.06.03"]

1. c4 e6 2. g3 d5 3. Bg2 Nf6 4. Nf3 c6 5. O-O Nbd7 6. b3 Bd6 7. Bb2 O-O 8. d4 b6
9. Nbd2 Bb7 10. Qc2 Re8 11. e4 dxe4 12. Nxe4 Nxe4 13. Qxe4 Qc7 14. Rad1 c5 15.
Qg4 cxd4 16. Qxd4 1-0

[Event "Titled Tue 3rd Jan Late"]
[Site "chess.com INT"]
[Date "2025.06.03"]
[Round "9"]
[White "Florescu, Codrut-Constantin"]
[Black "Dovgaliuk, Oleksandr"]
[Result "1-0"]
[WhiteTitle "IM"]
[WhiteElo "2193"]
[BlackElo "2240"]
[WhiteFideId "1202200"]
[BlackFideId "14167247"]
[EventDate "2025.06.03"]

1. d4 Nf6 2. Nf3 g6 3. c4 Bg7 4. Nc3 d5 5. cxd5 Nxd5 6. e4 Nxc3 7. bxc3 c5 8. h3
Nc6 9. Be3 cxd4 10. cxd4 Qa5+ 11. Bd2 Qa3 12. d5 Nb4 13. Bb5+ Kf8 14. O-O a6 15.
Bc4 Bd7 16. Bg5 Rc8 17. Bb3 h6 18. Bh4 g5 19. Bg3 g4 20. Ne5 Bb5 21. Qxg4 Bxf1
22. Qxc8# 1-0

[Event "Titled Tue 3rd Jan Late"]
[Site "chess.com INT"]
[Date "2025.06.03"]
[Round "9"]
[White "Hernandez Leon, Sergio"]
[Black "Ersoz, Teoman Guney"]
[Result "0-1"]
[WhiteTitle "CM"]
[BlackTitle "CM"]
[WhiteElo "2106"]
[BlackElo "2090"]
[WhiteFideId "2285622"]
[BlackFideId "44537050"]
[EventDate "2025.06.03"]

1. e4 c5 2. Nc3 e6 3. g3 d5 4. exd5 exd5 5. Bg2 Nf6 6. f3 d4 7. Ne4 Nxe4 8. fxe4
Nc6 9. d3 Be7 10. Nf3 Be6 11. O-O Qd7 12. a3 h5 13. Ng5 Bxg5 14. Bxg5 Bh3 15. b4
cxb4 16. axb4 Nxb4 17. Bxh3 Qxh3 18. Qf3 O-O 19. Be7 Nxc2 20. Bxf8 Rxf8 21. Rxa7
Ne3 22. Rb1 f5 23. Rbxb7 Rc8 24. Rxg7+ Kh8 25. Rh7+ Kg8 26. Rag7+ Kf8 27. Rh8+
Kxg7 28. Rxc8 f4 29. Rc7+ Kg6 30. Qxf4 Qg2# 0-1